LIBRARY & INFORMATION CENTRE, KCAET, TAVANUR

ONLINE PUBLIC ACCESS CATALOGUE (OPAC)

Development and evaluation of flow through ohmic heating assisted pulsed light treatment system for preservation of fruit juice (Record no. 16390)

MARC details
000 -LEADER
fixed length control field 00486nam a22001337a 4500
003 - CONTROL NUMBER IDENTIFIER
control field OSt
082 ## - DEWEY DECIMAL CLASSIFICATION NUMBER
Classification number 664
Item number ASH/D
088 ## - REPORT NUMBER
Report number T 490
100 ## - MAIN ENTRY--AUTHOR NAME
Personal name Ashitha GN
245 ## - TITLE STATEMENT
Title Development and evaluation of flow through ohmic heating assisted pulsed light treatment system for preservation of fruit juice
260 ## - PUBLICATION, DISTRIBUTION, ETC. (IMPRINT)
Place of publication Tavanur
Name of publisher Dept.of Processing and food engineering
Year of publication 2020
856 ## - ELECTRONIC LOCATION AND ACCESS
Uniform Resource Identifier https://drive.google.com/file/d/1iPaa1cGi-7p4BTUXuhg6AN0tChyFjyHA/view?usp=sharing
942 ## - ADDED ENTRY ELEMENTS (KOHA)
Koha item type Theses
Holdings
Collection code Home library Current library Shelving location Full call number Accession Number Koha item type Public note
Reference KAUAET KAUAET Reference 664 ASH/D T 490 Theses PhD Thesis
free website counter